000 002160000a22000970004500
100 1 _aHamilton, Tim
245 1 0 _aHistory in the making
300 _aNum. 81 (1998), Páginas 10-11
773 0 _tTeartimes
942 _cANA
999 _c55841
_d55841